000 01600nam a2200349Ia 4500
001 ebr10159650
003 CaPaEBR
006 m u
007 cr cn|||||||||
008 920512s1992 mnuab sb 000 0 eng d
010 _z 92070989
020 _z9780816642724
020 _z0938586661
040 _aCaPaEBR
_cCaPaEBR
035 _a(OCoLC)232159960
050 1 4 _aGV776.M62
_bB683 1992eb
100 1 _aFurtman, Michael.
245 1 0 _aCanoe country camping
_h[electronic resource] :
_bwilderness skills for the Boundary Waters and Quetico /
_cMichael Furtman ; illustrated by Susan Robinson.
260 _aDuluth, MN :
_bPfeifer-Hamilton,
_cc1992.
300 _axiii, 199 p. :
_bill., 1 map.
504 _aIncludes bibliographical references (p. 198-199).
533 _aElectronic reproduction.
_bPalo Alto, Calif. :
_cebrary,
_d2009.
_nAvailable via World Wide Web.
_nAccess may be limited to ebrary affiliated libraries.
650 0 _aCanoes and canoeing
_zMinnesota
_zBoundary Waters Canoe Area
_vGuidebooks.
650 0 _aCanoes and canoeing
_zOntario
_zQuetico Provincial Park
_vGuidebooks.
650 0 _aCanoe camping
_zMinnesota
_zBoundary Waters Canoe Area
_vGuidebooks.
650 0 _aCanoe camping
_zOntario
_zQuetico Provincial Park
_vGuidebooks.
651 0 _aBoundary Waters Canoe Area (Minn.)
_vGuidebooks.
651 0 _aQuetico Provincial Park (Ont.)
_vGuidebooks.
655 7 _aElectronic books.
_2local
710 2 _aebrary, Inc.
856 4 0 _uhttp://site.ebrary.com/lib/rucke/Doc?id=10159650
_zAn electronic book accessible through the World Wide Web; click to view
999 _c133510
_d133510